000 00758nam a2200241Ia 4500
003 OSt
005 20220923220824.0
006 a|||||r|||| 00| 0
007 ta
008 220922b |||||||| |||| 00| 0 hin d
024 _a190,941
037 _cTextual
040 _aARTS
_cARTS
_bhin
041 _2hin
_ahin
082 _aR65:6:9, 152K3(=)
100 _aविनोबा
245 0 _aस्थितप्रा दर्शन, अनु हरिभाऊ उपाध्याय
246 _aSthitaprā darshana, anu0 haribhāū upādhyāya
260 _c1963
490 _aसत्साहित्य प्रकाशन
942 _hR65:6:9, 152K3(=)
_cTEXL
_2CC
999 _c343662
_d343662